000 00354 a2200169 4500
001 185100
020 _a85-04-00582-8
040 _cMagnum
100 _aAndrade, Tales de
240 1 0 _aSaudade
_lpor
245 1 0 _aSaudade
300 _a170
362 0 _a2002
440 1 _aCompanhia Editora Nacional
697 _aLITERATURA JUVENIL
942 _cBK
999 _c185100
_d185100